MARC details
| 001 - CONTROL NUMBER |
| control field |
23802309 |
| 003 - CONTROL NUMBER IDENTIFIER |
| control field |
0000 |
| 005 - DATE AND TIME OF LATEST TRANSACTION |
| control field |
20251031103125.0 |
| 008 - FIXED-LENGTH DATA ELEMENTS--GENERAL INFORMATION |
| fixed length control field |
240729s2025 flu b 001 0 eng |
| 010 ## - LIBRARY OF CONGRESS CONTROL NUMBER |
| LC control number |
2024026830 |
| 020 ## - INTERNATIONAL STANDARD BOOK NUMBER |
| International Standard Book Number |
9781032416243 |
| 035 ## - SYSTEM CONTROL NUMBER |
| System control number |
23802309 |
| 040 ## - CATALOGING SOURCE |
| Original cataloging agency |
DLC |
| Language of cataloging |
eng |
| Description conventions |
rda |
| Transcribing agency |
DLC |
| Modifying agency |
DLC |
| 042 ## - AUTHENTICATION CODE |
| Authentication code |
pcc |
| 050 00 - LIBRARY OF CONGRESS CALL NUMBER |
| Classification number |
TD 465 .S55 |
| 082 00 - DEWEY DECIMAL CLASSIFICATION NUMBER |
| Classification number |
628.1/61 |
| Edition number |
23/eng/20240923 |
| 100 ## - MAIN ENTRY--PERSONAL NAME |
| Personal name |
Song, Yongxin (editor) |
| 245 00 - TITLE STATEMENT |
| Title |
Ship's ballast water analysis : |
| Remainder of title |
microfluidic technology in algae analysis / |
| Statement of responsibility, etc |
edited by Yongxin Song, Junyan Zhang, Mengqi Li, Ming Li, Xiangchun Xuan, and Na Li. |
| 264 #1 - PUBLICATION, DISTRIBUTION, ETC. (IMPRINT) |
| Place of publication, distribution, etc |
Boca Raton : |
| Name of publisher, distributor, etc |
CRC Press, |
| Date of publication, distribution, etc |
2025. |
| 300 ## - PHYSICAL DESCRIPTION |
| Extent |
x, 131p. ill. |
| 336 ## - CONTENT TYPE |
| Content type term |
text |
| Content type code |
txt |
| Source |
rdacontent |
| 337 ## - MEDIA TYPE |
| Media type term |
unmediated |
| Media type code |
n |
| Source |
rdamedia |
| 338 ## - CARRIER TYPE |
| Carrier type term |
volume |
| Carrier type code |
nc |
| Source |
rdacarrier |
| 504 ## - BIBLIOGRAPHY, ETC. NOTE |
| Bibliography, etc |
Includes bibliographical references and index. |
| 505 2# - FORMATTED CONTENTS NOTE |
| Formatted contents note |
Resistive pulse sensing of particles and microalgae / Yongxin Song and Xiangchun Xuan. |
| 520 ## - SUMMARY, ETC. |
| Summary, etc |
"The International Convention for the Control and Management of Ships' Ballast Water and Sediments mandates ships undertake ballast water treatment to reduce, remove or kill organisms of concern before being allowed to discharge their water. This book introduces technologies and devices that are used for the analysis of treated ballast water. Emphasis is placed on the separation, manipulation, detection, counting and sizing of microalgae in a microfluidic chip which shows great potential for developing miniatured analysis devices. Features: Introduces technologies and devices that are related for the analysis of the treated ballast water. Identifies need of reliable devices to monitor viable organisms in treated ship's ballast waters. Covers recent research in microfluidics-based cell sorting and developments of lab-on-a-chip devices. Addresses Ballast Water Management Convention to be implemented by 2024. Reviews electric- and optical-based methods for organism counting, sizing and viability differentiation. This book is aimed at researchers and professionals in marine engineering, ocean technology, environmental engineering, and microfluidics"-- |
| Assigning source |
Provided by publisher. |
| 650 #0 - SUBJECT ADDED ENTRY--TOPICAL TERM |
| Topical term or geographic name as entry element |
Ballast water |
| General subdivision |
Purification. |
| 650 #0 - SUBJECT ADDED ENTRY--TOPICAL TERM |
| Topical term or geographic name as entry element |
Ballast water |
| General subdivision |
Sampling. |
| 650 #0 - SUBJECT ADDED ENTRY--TOPICAL TERM |
| Topical term or geographic name as entry element |
Algae |
| Form subdivision |
Identification. |
| 650 #0 - SUBJECT ADDED ENTRY--TOPICAL TERM |
| Topical term or geographic name as entry element |
Microalgae |
| Form subdivision |
Identification. |
| 650 #0 - SUBJECT ADDED ENTRY--TOPICAL TERM |
| Topical term or geographic name as entry element |
Nonindigenous aquatic pests |
| General subdivision |
Control. |
| 650 #0 - SUBJECT ADDED ENTRY--TOPICAL TERM |
| Topical term or geographic name as entry element |
Microfluidic devices. |
| 655 #7 - INDEX TERM--GENRE/FORM |
| Genre/form data or focus term |
Field guides. |
| Source of term |
lcgft |
| Authority record control number |
https://id.loc.gov/authorities/genreForms/gf2017026099 |
| 700 1# - ADDED ENTRY--PERSONAL NAME |
| Personal name |
Song, Yongxin, |
| Relator term |
editor. |
| 776 08 - ADDITIONAL PHYSICAL FORM ENTRY |
| Relationship information |
Online version: |
| Title |
Ship's ballast water analysis |
| Place, publisher, and date of publication |
Boca Raton : CRC Press, 2025 |
| International Standard Book Number |
9781003359005 |
| Record control number |
(DLC) 2024026831 |
| 906 ## - LOCAL DATA ELEMENT F, LDF (RLIN) |
| a |
7 |
| b |
cbc |
| c |
orignew |
| d |
1 |
| e |
ecip |
| f |
20 |
| g |
y-gencatlg |
| 942 ## - ADDED ENTRY ELEMENTS (KOHA) |
| Source of classification or shelving scheme |
Library of Congress Classification |
| Koha item type |
Books |